000 00755cam a2200217 4500
001 ABS61557
008 000000n1999 000 0 eng u
035 _a(Sirsi) u101758
100 _aPaire, J.
245 _aCommercial real estate's high-tech awakening
260 _c1999
490 _aNational Real Estate Investor
_v41(9) August 1999, 41(9)
520 _aExamines the ways in which commercial real estate companies can exploit technology to increase their efficiency and competitiveness. Looks at the Internet and software.
590 _aABS
650 _aPROPERTY-COMMERCIAL PROPERTY
650 _aINTERNET
650 _aSOFTWARE
650 _aCOMPUTERS
690 _aMANAGEMENT-BUSINESS MANAGEMENT-INFORMATION MANAGEMENT
942 _n0
999 _c60874
_d60874